[Event "TCh-FRA Top 12 2016"]
[Site "Drancy FRA"]
[Date "2016.06.04"]
[Round "8.3"]
[Board "2"]
[White "Donchenko, Alexander"]
[Black "Kovalenko, Igor"]
[Result "1-0"]
[WhiteTitle "GM"]
[BlackTitle "GM"]
[WhiteElo "2569"]
[BlackElo "2644"]
[WhiteTeam "VANDOEUVRE Echecs"]
[BlackTeam "Les Tours de Haute Picardie, SAINT QUENTIN"]
[WhiteFideId "24603295"]
[BlackFideId "14117908"]
[EventDate "2016.05.28"]

1. d4 Nf6 2. c4 e6 3. Nc3 Bb4 4. Qc2 b6 5. e4 c5 6. d5 Qe7 7. Ne2 exd5 8. exd5
Ba6 9. Bg5 h6 10. Bh4 Qe4 11. Qxe4+ Nxe4 12. O-O-O Nd6 13. a3 Ba5 14. Re1 f6 15.
b3 Kf7 16. g4 Ne8 17. Kc2 d6 18. Ng3 Nd7 19. f4 Nf8 20. Nf5 Bxc3 21. Kxc3 g6 22.
Re7+ Kg8 23. Bd3 h5 24. g5 fxg5 25. Bxg5 gxf5 26. Rg1 Ng6 27. Bh4 Kf8 28. Rxg6
Bc8 29. Rg1 Rh6 30. Bg5 Rg6 31. Rge1 Nf6 32. Bxf6 Rxf6 33. Re8+ Kg7 34. Rd8 Rf8
35. Rxd6 Kf7 36. Rh6 Rg8 37. Rxh5 Rb8 38. Rh7+ Kg6 39. Ree7 a6 40. h4 Rf8 1-0

[Event "TCh-FRA Top 12 2016"]
[Site "Drancy FRA"]
[Date "2016.06.04"]
[Round "8.3"]
[Board "3"]
[White "Kveinys, Aloyzas"]
[Black "Hamitevici, Vladimir"]
[Result "0-1"]
[WhiteTitle "GM"]
[BlackTitle "IM"]
[WhiteElo "2539"]
[BlackElo "2468"]
[WhiteTeam "Les Tours de Haute Picardie, SAINT QUENTIN"]
[BlackTeam "VANDOEUVRE Echecs"]
[WhiteFideId "12800040"]
[BlackFideId "13902393"]
[EventDate "2016.05.28"]

1. Nf3 c5 2. g3 Nc6 3. Bg2 g6 4. O-O Bg7 5. e4 d6 6. c3 e5 7. d3 Nge7 8. a3 h6
9. b4 Bg4 10. Nbd2 Qd7 11. Nc4 O-O 12. Rb1 cxb4 13. axb4 b5 14. Ne3 Bh3 15. Qb3
Be6 16. Nd5 f5 17. Nh4 Kh7 18. f4 exf4 19. gxf4 Bg8 20. Bd2 Rae8 21. Qd1 fxe4
22. Nxe7 Nxe7 23. dxe4 Bc4 24. Re1 a5 25. bxa5 Qa7+ 26. Be3 Qxa5 27. Qxd6 Bxc3
28. Rec1 Bf6 29. Nf3 Rd8 30. Bb6 Rxd6 31. Bxa5 Nc6 32. e5 Re6 33. Bd2 Bd8 34.
Be3 g5 35. Bh3 g4 36. Bxg4 Rg6 37. Ng5+ hxg5 38. f5 Rh6 39. Bc5 Re8 40. e6 Ne5
41. Bd1 Be7 42. Bd4 Bf6 43. Bb6 Kg7 44. Ra1 Rhh8 45. Ra7+ Re7 46. Rca1 Rc8 47.
Bh5 Nc6 48. Rxe7+ Nxe7 49. Ra7 b4 50. Bf3 Bd3 51. Bd5 Bxf5 0-1

[Event "TCh-FRA Top 12 2016"]
[Site "Drancy FRA"]
[Date "2016.06.04"]
[Round "8.3"]
[Board "4"]
[White "Nezar, Mustapha"]
[Black "Neiksans, Arturs"]
[Result "0-1"]
[WhiteTitle "IM"]
[BlackTitle "GM"]
[WhiteElo "2364"]
[BlackElo "2627"]
[WhiteTeam "VANDOEUVRE Echecs"]
[BlackTeam "Les Tours de Haute Picardie, SAINT QUENTIN"]
[WhiteFideId "608637"]
[BlackFideId "11601388"]
[EventDate "2016.05.28"]

1. d4 Nf6 2. c4 e6 3. Nf3 b6 4. g3 Ba6 5. Qb3 Nc6 6. Nbd2 d5 7. Qa4 Bb7 8. Bg2
Qd7 9. O-O O-O-O 10. a3 Ne4 11. e3 Kb8 12. Qc2 Nxd2 13. Bxd2 dxc4 14. Qxc4 Bd6
15. Rac1 f6 16. Ng5 Nxd4 17. Bxb7 Kxb7 18. exd4 fxg5 19. Bxg5 Rde8 20. Rfe1 Rhf8
21. Re4 Rf5 22. Bd2 Qb5 23. Qxb5 Rxb5 24. Bc3 Kc8 25. Rce1 Kd7 26. Kg2 g6 27. f4
Re7 28. R1e2 a5 29. Kf3 a4 30. R4e3 Re8 31. Ke4 Bf8 32. g4 Bd6 33. Rh3 Re7 34.
g5 Rf7 35. Rf3 h6 36. h4 h5 37. Ref2 Rff5 38. Be1 Rf8 39. Rc3 Rbf5 40. Rcf3 R8f7
41. Bd2 Bf8 42. Rd3 Kc8 43. Rc3 Bd6 44. Rcf3 Kb7 45. Be1 c5 46. dxc5 Rxc5 47.
Bd2 Rc4+ 48. Kd3 b5 49. Bc3 Bxf4 50. Ke2 Rf5 51. Rd3 Kc7 52. Kd1 Rcc5 53. Re2
Rcd5 54. Rxd5 Rxd5+ 55. Kc2 e5 56. Re4 Kd7 57. b3 axb3+ 58. Kxb3 Ke6 59. Kc2 Kf5
60. Rb4 e4 61. Be1 e3 62. a4 bxa4 63. Rxa4 Kg4 64. Ra6 Rd6 65. Ra8 Bg3 66. Bb4
Re6 67. Rf8 e2 68. Rf6 Rxf6 69. gxf6 e1=Q 70. Bxe1 Bxe1 71. f7 Bb4 0-1

[Event "TCh-FRA Top 12 2016"]
[Site "Drancy FRA"]
[Date "2016.06.04"]
[Round "8.3"]
[Board "5"]
[White "Degraeve, Jean-Marc"]
[Black "Le Corre, Benjamin"]
[Result "1-0"]
[WhiteTitle "GM"]
[BlackTitle "FM"]
[WhiteElo "2561"]
[BlackElo "2351"]
[WhiteTeam "Les Tours de Haute Picardie, SAINT QUENTIN"]
[BlackTeam "VANDOEUVRE Echecs"]
[WhiteFideId "600270"]
[BlackFideId "639605"]
[EventDate "2016.05.28"]

1. e4 c5 2. Nf3 Nc6 3. Nc3 Nf6 4. Bb5 Qc7 5. O-O Nd4 6. Re1 a6 7. Bf1 e5 8. Nd5
Nxd5 9. exd5 d6 10. c3 Nxf3+ 11. Qxf3 Be7 12. d4 O-O 13. Qg3 Bf6 14. dxe5 dxe5
15. c4 Bf5 16. Bd2 Rfe8 17. Bc3 Re7 18. a4 Rae8 19. a5 Qd6 20. Ra3 Bc2 21. Re2
Bg6 22. Rb3 Qd8 23. Rb6 h6 24. Re1 Kh7 25. Bd3 e4 26. Bc2 Bd4 27. Rd1 Bxc3 28.
bxc3 Re5 29. Ba4 R8e7 30. d6 R7e6 31. d7 e3 32. Rxe6 exf2+ 33. Qxf2 Rxe6 34.
Qxc5 Re2 35. Qd6 Be4 36. Rd2 Re1+ 37. Kf2 Ra1 38. Bd1 Qh4+ 39. Qg3 Qf6+ 40. Bf3
Bxf3 41. d8=Q Qe6 42. Qd3+ Be4 43. Qd4 f6 44. Qd7 1-0

[Event "TCh-FRA Top 12 2016"]
[Site "Drancy FRA"]
[Date "2016.06.04"]
[Round "8.3"]
[Board "6"]
[White "Iglesias, Joachim"]
[Black "Marcelin, Cyril"]
[Result "0-1"]
[BlackTitle "GM"]
[WhiteElo "2292"]
[BlackElo "2477"]
[WhiteTeam "VANDOEUVRE Echecs"]
[BlackTeam "Les Tours de Haute Picardie, SAINT QUENTIN"]
[WhiteFideId "637823"]
[BlackFideId "607274"]
[EventDate "2016.05.28"]

1. d4 Nf6 2. Nf3 e6 3. e3 b6 4. Bd3 Bb7 5. O-O c5 6. c4 g6 7. Nc3 Bg7 8. d5 exd5
9. cxd5 Nxd5 10. Nb5 O-O 11. Nd6 Bc6 12. e4 Nc7 13. Bg5 Bf6 14. Bh6 Bxb2 15. Bc4
Ne6 16. Nxf7 Qf6 17. Bxf8 Kxf8 18. Bxe6 Bxa1 19. N7g5 Kg7 20. Qxa1 Qxa1 21. Rxa1
h6 22. Bg4 hxg5 23. Nxg5 a5 24. f4 c4 25. Rd1 b5 26. e5 b4 27. e6 dxe6 28. Rd8
Nd7 29. Rxa8 Bxa8 30. Nxe6+ Kf6 31. Kf2 b3 32. axb3 cxb3 0-1

[Event "TCh-FRA Top 12 2016"]
[Site "Drancy FRA"]
[Date "2016.06.04"]
[Round "8.3"]
[Board "7"]
[White "Lazarev, Vladimir"]
[Black "Savina, Anastasia"]
[Result "1-0"]
[WhiteTitle "GM"]
[BlackTitle "IM"]
[WhiteElo "2378"]
[BlackElo "2387"]
[WhiteTeam "Les Tours de Haute Picardie, SAINT QUENTIN"]
[BlackTeam "VANDOEUVRE Echecs"]
[WhiteFideId "4113250"]
[BlackFideId "4196872"]
[EventDate "2016.05.28"]

1. d4 g6 2. c4 Bg7 3. e4 c5 4. d5 d6 5. Bd3 a6 6. a4 e6 7. h3 Ne7 8. Nf3 O-O 9.
O-O h6 10. Nc3 Nd7 11. Bd2 g5 12. a5 exd5 13. cxd5 b5 14. axb6 Nxb6 15. Qe2 Re8
16. Bxa6 Nexd5 17. Bb5 Rxa1 18. Rxa1 Bd7 19. Bxd7 Qxd7 20. Ra6 Nxc3 21. Bxc3
Bxc3 22. bxc3 Nc8 23. Qd3 Qb7 24. e5 dxe5 25. Rxh6 e4 26. Qd2 Qb1+ 27. Kh2 Qb8+
28. g3 e3 29. fxe3 Ne7 30. e4 Ng6 31. Nxg5 Rd8 32. Qf2 Ne5 33. Ra6 Qb1 34. Ra2
Rd1 35. Ra8+ Kg7 36. Ne6+ fxe6 37. Qf8+ Kg6 38. Qg8+ Kf6 39. Qh8+ Kf7 40. Qh7+
Kf6 41. Rf8+ 1-0

[Event "TCh-FRA Top 12 2016"]
[Site "Drancy FRA"]
[Date "2016.06.04"]
[Round "8.3"]
[Board "8"]
[White "Sidibe, Malika"]
[Black "Leconte, Maria"]
[Result "0-1"]
[BlackTitle "WGM"]
[WhiteElo "1760"]
[BlackElo "2217"]
[WhiteTeam "VANDOEUVRE Echecs"]
[BlackTeam "Les Tours de Haute Picardie, SAINT QUENTIN"]
[WhiteFideId "643319"]
[BlackFideId "618446"]
[EventDate "2016.05.28"]

1. e4 c5 2. Nf3 Nc6 3. d4 cxd4 4. Nxd4 g6 5. Nc3 Bg7 6. Be3 Nf6 7. Bc4 O-O 8. f3
Qb6 9. Bb3 Nxe4 10. Nd5 Qa5+ 11. c3 Nf6 12. Nxc6 dxc6 13. Nxe7+ Kh8 14. Nxc8
Raxc8 15. O-O c5 16. Qe2 Qc7 17. Rad1 b5 18. Qxb5 Rfe8 19. Rfe1 c4 20. Bc2 Re5
21. Qa6 Rce8 22. Kf2 Nd5 23. Qxa7 Qd8 24. Bd4 Qh4+ 25. g3 Qxh2+ 26. Kf1 Qh1+ 27.
Bg1 Qxf3+ 28. Qf2 Rxe1+ 29. Rxe1 Ne3+ 30. Rxe3 Rxe3 31. Qxf3 Rxf3+ 32. Kg2 Rf6
33. Be4 Rd6 34. Be3 f5 35. Bf3 Be5 36. Be2 Rc6 37. Bf3 Ra6 38. a3 Ra5 39. Bc6
Kg7 40. Kf2 h6 41. Bd7 Kf6 42. Kf3 g5 43. Bc6 h5 44. Bb6 Ra6 45. Bd8+ Kg6 46.
Be8+ Kh6 47. Be7 g4+ 48. Kf2 Bd6 49. Bb5 Rb6 50. Bxd6 Rxd6 51. Bxc4 Rd2+ 52. Ke3
Rxb2 53. Be6 Kg5 54. a4 Rb1 55. Bc4 Ra1 56. Bb3 Ra3 0-1

[Event "TCh-FRA Top 12 2016"]
[Site "Drancy FRA"]
[Date "2016.06.04"]
[Round "8.4"]
[Board "1"]
[White "Fedorchuk, Sergey A."]
[Black "Palac, Mladen"]
[Result "1/2-1/2"]
[WhiteTitle "GM"]
[BlackTitle "GM"]
[WhiteElo "2626"]
[BlackElo "2577"]
[WhiteTeam "EVRY Grand Roque"]
[BlackTeam "NICE Alekhine"]
[WhiteFideId "14102536"]
[BlackFideId "14500116"]
[EventDate "2016.05.28"]

1. e4 c5 2. Nf3 d6 3. d4 cxd4 4. Nxd4 Nf6 5. Nc3 a6 6. Be3 Ng4 7. Bc1 Nf6 8. Be2
e5 9. Nb3 Be7 10. O-O O-O 11. Re1 Be6 12. Bf1 Nbd7 13. Nd5 1/2-1/2

[Event "TCh-FRA Top 12 2016"]
[Site "Drancy FRA"]
[Date "2016.06.04"]
[Round "8.4"]
[Board "2"]
[White "Stevic, Hrvoje"]
[Black "Relange, Eloi"]
[Result "1/2-1/2"]
[WhiteTitle "GM"]
[BlackTitle "GM"]
[WhiteElo "2607"]
[BlackElo "2464"]
[WhiteTeam "NICE Alekhine"]
[BlackTeam "EVRY Grand Roque"]
[WhiteFideId "14502569"]
[BlackFideId "600822"]
[EventDate "2016.05.28"]

1. e4 c5 2. Nf3 d6 3. d4 cxd4 4. Qxd4 Nf6 5. Bb5+ Bd7 6. Bxd7+ Nbxd7 7. Bg5 h6
8. Bxf6 Nxf6 9. Nc3 Qa5 10. O-O-O e6 11. Rhe1 Be7 12. e5 dxe5 13. Rxe5 Qa6 14.
Qd3 Qxd3 15. Rxd3 1/2-1/2

[Event "TCh-FRA Top 12 2016"]
[Site "Drancy FRA"]
[Date "2016.06.04"]
[Round "8.4"]
[Board "3"]
[White "Moussard, Jules"]
[Black "Rambaldi, Francesco"]
[Result "1/2-1/2"]
[WhiteTitle "IM"]
[BlackTitle "GM"]
[WhiteElo "2506"]
[BlackElo "2554"]
[WhiteTeam "EVRY Grand Roque"]
[BlackTeam "NICE Alekhine"]
[WhiteFideId "642908"]
[BlackFideId "20657307"]
[EventDate "2016.05.28"]

1. Nf3 Nf6 2. g3 g6 3. b3 Bg7 4. Bb2 c5 5. Bg2 d5 6. O-O Nc6 7. Ne5 Nxe5 8. Bxe5
O-O 9. c4 d4 10. e3 Nd7 11. Bxg7 Kxg7 12. exd4 cxd4 13. d3 a5 14. Na3 Nc5 15.
Qe2 f6 16. Rad1 Bd7 17. f4 Bc6 18. f5 Qd6 19. Nc2 Rae8 20. Bxc6 bxc6 21. Rf4 e5
22. fxe6 Nxe6 23. Re4 f5 24. Re5 f4 25. c5 Qd7 26. Rf1 Rf6 27. Ne1 Qf7 28. g4
Nc7 29. Rxe8 Nxe8 30. Nf3 Qd7 31. g5 Re6 32. Qb2 Kg8 33. Qxd4 Qxd4+ 34. Nxd4 Re5
35. Rc1 Rxg5+ 36. Kf2 Rd5 37. Nxc6 Rxd3 38. Nxa5 Rd2+ 39. Kf3 Rxa2 40. b4 g5 41.
c6 Nc7 42. Rd1 Ne6 43. c7 Nxc7 44. Rd8+ Kf7 45. Rd7+ Ke6 46. Rxc7 Rxh2 47. Rc6+
Kf5 48. Rc5+ Kf6 49. b5 Rb2 50. Nc4 Rb3+ 51. Ke4 g4 52. Kxf4 g3 53. Ne3 Ke6 54.
Rh5 Kd6 55. Ke4 Rb4+ 56. Kd3 Rg4 57. Rh6+ Ke7 58. Rxh7+ Kd6 59. Rh6+ Ke7 60.
Rh7+ Kd6 61. Rh6+ Ke7 62. b6 g2 63. b7 Rb4 64. Nd5+ Kf7 65. Nxb4 g1=Q 66. b8=Q
Qd1+ 67. Ke4 Qe1+ 68. Kf5 Qb1+ 69. Ke5 Qe1+ 70. Kf5 Qb1+ 71. Kg4 Qd1+ 72. Kh3
Qf1+ 73. Kh2 Qf2+ 74. Kh3 Qf1+ 75. Kg3 Qg1+ 76. Kf3 Qf1+ 77. Ke4 Qe1+ 78. Kd4
Qa1+ 79. Kd5 Qd1+ 80. Nd3 Qxd3+ 81. Kc6 Qe4+ 82. Kd7 Qe7+ 83. Kc6 Qe4+ 84. Kc7
Qe7+ 85. Kc8 1/2-1/2

[Event "TCh-FRA Top 12 2016"]
[Site "Drancy FRA"]
[Date "2016.06.04"]
[Round "8.4"]
[Board "4"]
[White "Sulava, Nenad"]
[Black "Justo, Damian"]
[Result "1/2-1/2"]
[WhiteTitle "GM"]
[BlackTitle "FM"]
[WhiteElo "2416"]
[BlackElo "2325"]
[WhiteTeam "NICE Alekhine"]
[BlackTeam "EVRY Grand Roque"]
[WhiteFideId "14500205"]
[BlackFideId "101168"]
[EventDate "2016.05.28"]

1. d4 Nf6 2. Nf3 e6 3. c4 c5 4. g3 cxd4 5. Nxd4 d5 6. Bg2 e5 7. Nb3 d4 8. O-O
Nc6 9. f4 e4 10. f5 a5 11. e3 d3 12. Nc3 Ne5 13. Nd2 Bd7 14. Ndxe4 Bc6 15. Nxf6+
Qxf6 16. Nd5 Bxd5 17. Bxd5 a4 18. Bxb7 Ra7 19. Bd5 Bc5 20. Bd2 O-O 21. Kh1 Re8
22. Rb1 Qb6 23. e4 Be3 24. Bc3 Bd4 25. Bd2 Be3 26. Qe1 Bxd2 27. Qxd2 Qd4 28. f6
h6 29. fxg7 Kxg7 30. b3 Rb8 31. Qf4 Rb6 32. b4 Nxc4 33. Bxc4 Qxc4 34. a3 Qd4 35.
Rbd1 Rd7 36. e5 Rc6 37. Rd2 Rc2 38. Qf6+ Kg8 39. Qxh6 Rxd2 40. Qxd2 Qxe5 41. Rf2
Qd5+ 42. Kg1 Rc7 43. Qf4 Rc4 44. Qe3 Re4 45. Qd2 Kg7 46. h4 f6 47. Qc3 Qd6 48.
Qd2 Rg4 49. Rf3 Rxg3+ 50. Rxg3+ Qxg3+ 1/2-1/2

[Event "TCh-FRA Top 12 2016"]
[Site "Drancy FRA"]
[Date "2016.06.04"]
[Round "8.4"]
[Board "5"]
[White "Leroy, Didier"]
[Black "Sanchez, Joseph"]
[Result "1-0"]
[WhiteTitle "IM"]
[BlackTitle "GM"]
[WhiteElo "2289"]
[BlackElo "2490"]
[WhiteTeam "EVRY Grand Roque"]
[BlackTeam "NICE Alekhine"]
[WhiteFideId "610950"]
[BlackFideId "5201233"]
[EventDate "2016.05.28"]

1. e4 c5 2. Nc3 Nc6 3. Bb5 Nd4 4. Nf3 a6 5. Bc4 e6 6. Nxd4 cxd4 7. Ne2 Bc5 8. c3
Qc7 9. cxd4 Bxd4 10. Bb3 Bb6 11. d4 Ba5+ 12. Bd2 Nf6 13. Ng3 d6 14. O-O Bxd2 15.
Qxd2 O-O 16. Rac1 Qb8 17. f4 Rd8 18. e5 Ne8 19. Qf2 g6 20. Ne4 Bd7 21. Qh4 Rc8
22. Ng5 h5 23. Rxc8 Qxc8 24. g4 Ng7 25. f5 gxf5 26. gxf5 Bb5 27. fxe6 Bxf1 28.
exf7+ Kh8 29. f8=Q+ Qxf8 30. Nf7+ Kg8 31. Qf6 Bh3 32. Ng5+ Ne6 33. Nxh3 Qxf6 34.
exf6 Kf7 35. Ng5+ Kxf6 36. Nxe6 Re8 37. Nf4 Kg5 38. Nxh5 Re4 39. Ng7 Re2 40. h4+
Kg6 41. Ne6 Rxb2 42. Nd8 b5 43. Nb7 d5 44. Bxd5 Rd2 45. Be4+ Kf6 46. d5 Ke5 47.
d6 Kxe4 48. d7 a5 49. d8=Q Rxd8 50. Nxd8 a4 51. Nc6 Kd5 52. h5 1-0

[Event "TCh-FRA Top 12 2016"]
[Site "Drancy FRA"]
[Date "2016.06.04"]
[Round "8.4"]
[Board "6"]
[White "Babault, Patrice"]
[Black "Milliet, Sophie"]
[Result "1/2-1/2"]
[WhiteTitle "FM"]
[BlackTitle "IM"]
[WhiteElo "2412"]
[BlackElo "2346"]
[WhiteTeam "NICE Alekhine"]
[BlackTeam "EVRY Grand Roque"]
[WhiteFideId "623822"]
[BlackFideId "623725"]
[EventDate "2016.05.28"]

1. e4 e5 2. Nf3 Nc6 3. Bb5 a6 4. Ba4 Nf6 5. O-O Nxe4 6. d4 b5 7. Bb3 d5 8. dxe5
Be6 9. Be3 Be7 10. c3 O-O 11. Nbd2 Qd7 12. Re1 Nxd2 13. Qxd2 Na5 14. Bc2 Nc4 15.
Qd3 g6 16. Bc1 f6 17. exf6 Bxf6 18. Nd4 Bf7 19. b3 Rfe8 20. Bf4 Na3 21. Nf3 Be6
22. Qd2 Nxc2 23. Qxc2 Bf5 24. Qd2 Be4 25. Be5 Bxe5 26. Nxe5 Rxe5 27. f3 Qe6 28.
fxe4 dxe4 29. Qe3 Rf8 30. Rad1 c5 31. Rd2 Ref5 32. h3 Qe5 33. Rde2 Rf4 34. Rd1
Qf5 35. Kh2 Qe5 36. Kg1 Qf5 37. Kh2 Rh4 38. c4 Qe5+ 39. Qg3 Rh5 40. Rd6 bxc4 41.
bxc4 a5 42. Rd5 Qxg3+ 43. Kxg3 Rxd5 44. cxd5 Rf5 45. Rxe4 Rxd5 46. Ra4 c4 1/2-1/2

[Event "TCh-FRA Top 12 2016"]
[Site "Drancy FRA"]
[Date "2016.06.04"]
[Round "8.4"]
[Board "7"]
[White "Ben Khelifa, Noomene"]
[Black "Djalal, Boris"]
[Result "1-0"]
[WhiteElo "2066"]
[BlackElo "2224"]
[WhiteTeam "EVRY Grand Roque"]
[BlackTeam "NICE Alekhine"]
[WhiteFideId "641995"]
[BlackFideId "623644"]
[EventDate "2016.05.28"]

1. d4 d5 2. Nc3 c6 3. e4 dxe4 4. Nxe4 Bf5 5. Ng3 Bg6 6. h4 h6 7. Nf3 Nd7 8. Bd3
Bxd3 9. Qxd3 e6 10. Bd2 Ngf6 11. O-O-O Be7 12. Kb1 Qb6 13. Qe2 c5 14. dxc5 Qxc5
15. Bc3 O-O 16. Ne4 Nxe4 17. Qxe4 Nf6 18. Bxf6 Bxf6 19. g4 g6 20. g5 hxg5 21.
hxg5 Bg7 22. Qh4 Rfd8 23. Nd2 Qd4 24. Qxd4 Rxd4 25. Nb3 Rg4 26. Rhg1 Rxg1 27.
Rxg1 Rd8 28. c3 Rd5 29. Kc2 Rf5 30. Rg2 Kf8 31. Nd2 Re5 32. Kd3 Re1 33. Nf3 Ra1
34. a3 Rb1 35. Kc2 Rh1 36. Kd3 Ke7 37. Nd2 Be5 38. Ke3 Re1+ 39. Kf3 Rc1 40. Ke3
Rc2 41. Nc4 Bc7 42. Kd3 Rc1 43. Kd2 Bf4+ 44. Ne3 Rb1 45. Kc2 Rh1 46. Rg4 Bd6 47.
b4 Ra1 48. Kb3 Rb1+ 49. Kc2 Re1 50. Kd2 Rh1 51. c4 b6 52. Nc2 Be5 53. f4 Rh2+
54. Kd3 Rh3+ 55. Ne3 Bb2 56. Rg1 Bxa3 57. Ra1 Bxb4 58. Rxa7+ Kf8 59. Ke4 Rg3 60.
Ra8+ Kg7 61. Nf1 Rg2 62. Kf3 Rg1 63. Ne3 e5 64. Kf2 Bc5 65. Kxg1 Bxe3+ 66. Kg2
Bxf4 67. Rb8 Be3 68. Kf3 Bd4 69. Ke4 Bf2 70. Rb7 Bd4 71. Kd5 Kf8 72. Kd6 e4 73.
Rb8+ Kg7 74. Kd5 Bc5 75. Kxe4 f5+ 76. Ke5 Kf7 77. Rb7+ Kg8 78. Kf6 f4 79. Kxg6
f3 80. Rb8+ Bf8 81. Rxb6 f2 82. Rf6 Bc5 83. Rf5 Bd4 84. Rf4 Be3 85. Rf3 Bd4 86.
Kh5 Kg7 87. g6 Be3 88. Rf7+ Kg8 89. Kg4 Bd4 90. Kh3 Kh8 91. Kg2 Kg8 92. Rd7 Be3
93. Re7 Bd4 94. Rf7 Be3 95. Rxf2 1-0

[Event "TCh-FRA Top 12 2016"]
[Site "Drancy FRA"]
[Date "2016.06.04"]
[Round "8.4"]
[Board "8"]
[White "Collas, Silvia"]
[Black "Bernard, Jacques"]
[Result "1-0"]
[WhiteTitle "IM"]
[WhiteElo "2308"]
[BlackElo "2164"]
[WhiteTeam "NICE Alekhine"]
[BlackTeam "EVRY Grand Roque"]
[WhiteFideId "2902265"]
[BlackFideId "616176"]
[EventDate "2016.05.28"]

1. c4 c5 2. g3 Nc6 3. Bg2 g6 4. Nc3 Bg7 5. Nf3 e5 6. O-O Nge7 7. a3 O-O 8. Rb1
a5 9. Ne1 d6 10. Nc2 Rb8 11. Ne3 b6 12. d3 Be6 13. Ned5 Qd7 14. Qa4 f6 15. Bd2
Rfd8 16. f4 Nd4 17. Qxd7 Rxd7 18. b4 axb4 19. axb4 Bxd5 20. cxd5 cxb4 21. Rxb4
Rc7 22. Kf2 Nc8 23. g4 Ra8 24. Rfb1 Ra3 25. Rxd4 exd4 26. Nb5 Ra2 27. Nxc7 Rxd2
28. Ne6 f5 29. Rc1 Ne7 30. Rc7 Bf8 31. h3 Ra2 32. Rb7 Nc8 33. Rb8 Rc2 34. Nxd4
Rc7 35. gxf5 gxf5 36. Nxf5 Kf7 37. Bf3 Rc5 38. Bg4 b5 39. Nd4 Ne7 40. Ne6 1-0

[Event "TCh-FRA Top 12 2016"]
[Site "Drancy FRA"]
[Date "2016.06.04"]
[Round "8.5"]
[Board "1"]
[White "Duda, Jan-Krzysztof"]
[Black "Nataf, Igor-Alexandre"]
[Result "1/2-1/2"]
[WhiteTitle "GM"]
[BlackTitle "GM"]
[WhiteElo "2666"]
[BlackElo "2531"]
[WhiteTeam "C.E. de BOIS COLOMBES"]
[BlackTeam "C.E. STRASBOURG"]
[WhiteFideId "1170546"]
[BlackFideId "605492"]
[EventDate "2016.05.28"]

1. e4 c5 2. Nf3 Nc6 3. d4 cxd4 4. Nxd4 Nf6 5. Nc3 e5 6. Ndb5 d6 7. Bg5 a6 8. Na3
Be6 9. Nc4 Rb8 10. Nd5 Bxd5 11. Bxf6 Qxf6 12. Qxd5 Nb4 13. Qd2 d5 14. exd5 Rd8
15. Ne3 Bc5 16. O-O-O Nxa2+ 17. Kb1 Nb4 18. Qc3 Bxe3 19. Qxb4 Bxf2 20. Be2 Qf4
21. Qxf4 exf4 22. d6 Bc5 23. Rhe1 Bf2 24. Rf1 Bc5 25. Rfe1 Bf2 26. Rf1 Bc5 27.
Rfe1 1/2-1/2

[Event "TCh-FRA Top 12 2016"]
[Site "Drancy FRA"]
[Date "2016.06.04"]
[Round "8.5"]
[Board "2"]
[White "Sanikidze, Tornike"]
[Black "Ipatov, Alexander"]
[Result "0-1"]
[WhiteTitle "GM"]
[BlackTitle "GM"]
[WhiteElo "2537"]
[BlackElo "2648"]
[WhiteTeam "C.E. STRASBOURG"]
[BlackTeam "C.E. de BOIS COLOMBES"]
[WhiteFideId "13602608"]
[BlackFideId "14116731"]
[EventDate "2016.05.28"]

1. d4 Nf6 2. c4 g6 3. f3 e6 4. e4 d5 5. cxd5 exd5 6. Nc3 dxe4 7. fxe4 Bb4 8. Bg5
h6 9. Bxf6 Qxf6 10. Nf3 Bg4 11. Bb5+ c6 12. Be2 Nd7 13. O-O Qe7 14. Qc2 Ba5 15.
Rad1 Bc7 16. Kh1 O-O-O 17. a3 Kb8 18. b4 Nb6 19. Qb2 Bxf3 20. Rxf3 Rxd4 21. Rxd4
Qe5 22. g3 Qxd4 23. Rxf7 Be5 24. Rf3 h5 25. Qc2 h4 26. gxh4 Rxh4 27. h3 a6 28.
Kg2 Bc7 29. b5 axb5 30. Rf8+ Nc8 31. Bg4 Rh8 32. Ne2 Qe5 33. Rxh8 Qxh8 34. e5
Qxe5 35. Qxg6 Ne7 36. Qe8+ Ka7 37. Nd4 Bd6 38. Ne6 Qb2+ 39. Kf1 Nd5 40. Nd8 Qf6+
41. Ke2 Be7 42. Ne6 Qb2+ 0-1

[Event "TCh-FRA Top 12 2016"]
[Site "Drancy FRA"]
[Date "2016.06.04"]
[Round "8.5"]
[Board "3"]
[White "Bauer, Christian"]
[Black "Baklan, Vladimir"]
[Result "1/2-1/2"]
[WhiteTitle "GM"]
[BlackTitle "GM"]
[WhiteElo "2634"]
[BlackElo "2614"]
[WhiteTeam "C.E. de BOIS COLOMBES"]
[BlackTeam "C.E. STRASBOURG"]
[WhiteFideId "603767"]
[BlackFideId "14102196"]
[EventDate "2016.05.28"]

1. d4 Nf6 2. Nf3 e6 3. e3 c5 4. Bd3 d5 5. c3 Bd6 6. O-O Nbd7 7. Nbd2 O-O 8. Re1
e5 9. e4 cxd4 10. cxd4 h6 11. exd5 exd4 12. Ne4 Bb4 13. Bd2 Nxd5 14. Nxd4 Ne5
15. Bf1 Qb6 16. a3 Bg4 17. Qb3 Bxd2 18. Qxb6 Nxb6 19. Nxd2 Rad8 20. N2b3 Nec4
21. Re4 Bc8 22. Nb5 Nd6 23. Nxd6 Rxd6 24. Rae1 Bd7 25. Na5 Rb8 26. f3 Kf8 27. b4
Be6 28. Rc1 Rd2 29. h4 Nd5 30. Nb3 Ra2 31. Nc5 Nf6 32. Nxe6+ fxe6 33. Rxe6 Rxa3
34. Rc7 Ne8 35. Rc5 Rd8 36. Bc4 Rc3 37. Rf5+ Nf6 38. Re4 b6 39. Bb5 Rc2 40. Rg4
Rd5 41. Rxd5 Nxd5 42. Rd4 Nc3 43. Rc4 a5 44. bxa5 bxa5 45. Kh2 Rb2 46. Bc6 1/2-1/2

[Event "TCh-FRA Top 12 2016"]
[Site "Drancy FRA"]
[Date "2016.06.04"]
[Round "8.5"]
[Board "4"]
[White "Vitoux, Colomban"]
[Black "Cornette, Matthieu"]
[Result "0-1"]
[WhiteTitle "IM"]
[BlackTitle "GM"]
[WhiteElo "2385"]
[BlackElo "2579"]
[WhiteTeam "C.E. STRASBOURG"]
[BlackTeam "C.E. de BOIS COLOMBES"]
[WhiteFideId "628549"]
[BlackFideId "620084"]
[EventDate "2016.05.28"]

1. e4 e6 2. d4 d5 3. Nc3 Nf6 4. Bg5 dxe4 5. Nxe4 Be7 6. Bxf6 gxf6 7. g3 f5 8.
Nc3 Bf6 9. Nge2 Nc6 10. d5 exd5 11. Bg2 d4 12. Nb5 O-O 13. O-O Qd7 14. c3 d3 15.
Nf4 Ne5 16. Nd5 Bd8 17. Nd4 c5 18. f4 Ng4 19. Nb3 c4 20. Nd2 b5 21. h3 Bb7 22.
hxg4 Bxd5 23. gxf5 Qxf5 24. Bxd5 Qxd5 25. Qg4+ Kh8 26. Nf3 Rg8 27. Qh3 Bb6+ 28.
Kg2 Rae8 29. Rae1 d2 30. Rd1 Re2+ 31. Kh1 Rge8 0-1

[Event "TCh-FRA Top 12 2016"]
[Site "Drancy FRA"]
[Date "2016.06.04"]
[Round "8.5"]
[Board "5"]
[White "Maze, Sebastien"]
[Black "Sharif, Mehrshad"]
[Result "1/2-1/2"]
[WhiteTitle "GM"]
[BlackTitle "IM"]
[WhiteElo "2614"]
[BlackElo "2425"]
[WhiteTeam "C.E. de BOIS COLOMBES"]
[BlackTeam "C.E. STRASBOURG"]
[WhiteFideId "613762"]
[BlackFideId "600121"]
[EventDate "2016.05.28"]

1. e4 e5 2. Nf3 Nc6 3. Bb5 a6 4. Ba4 d6 5. c3 Bd7 6. d4 g6 7. d5 Nce7 8. Bxd7+
Qxd7 9. O-O Bg7 10. c4 h6 11. Nc3 f5 12. Nd2 Nf6 13. f3 O-O 14. b4 c6 15. Qe2
cxd5 16. cxd5 Qc7 17. Nd1 fxe4 18. fxe4 Qb6+ 19. Nf2 Rac8 20. Qd3 Ng4 21. Nf3
Rc7 22. Bd2 Kh7 23. a4 Nxf2 24. Rxf2 Ng8 25. Rb1 Rcf7 26. Be3 Qd8 27. b5 Qa5 28.
bxa6 bxa6 29. Rb6 Nf6 30. Ra2 Nxd5 31. exd5 Qc3 32. Rxa6 Qa3 33. Rxa3 1/2-1/2